000 00433nam a2200169Ia 4500
008 230524s9999 xx 000 0 und d
020 _a9788120330139
082 _a658.43
_bBHA
100 _aAsish K.Bhattacharyya
245 0 _a"Financial Accounting For Business Managers, "
250 _a3RD
260 _aNEW DELHI
_bPHI
_c2009
300 _aXXIII;733
500 _aQuantity Number: 10
650 _aManagement
942 _cBK
999 _c44788
_d44788